| 000 | 01003ntm a2200253 a 4500 | ||
|---|---|---|---|
| 001 | 75545 | ||
| 003 | BD-RjUL | ||
| 005 | 20211209082716.0 | ||
| 008 | 190423s2017 bg a|||| bm|| 00| 0 eng d | ||
| 035 | _a(BD-RjUL)75763 | ||
| 040 |
_aBD-RjUL _beng _cBD-RjUL _dBD-RjUL |
||
| 041 | _aeng | ||
| 082 |
_223 _a632.769 _bYES 2017 |
||
| 100 | 1 |
_aYeasmin, Rogena _9231075 |
|
| 245 | 1 | 0 |
_aScreening of Bioactive components of Azadirachta Indica A. Juss and their efficacy against the Red Flour Beetle Tribolum Castaneum (Herbst) / _cby Rogena Yeasmin ; _6Supervisor: A. S. M. Shafiqur Rahman |
| 260 |
_aRajshahi : _bDepartment of Zoology, R. U. , _c2017 |
||
| 300 |
_a[11], xxxii, 192, cxLvii leaves : _bIll. ; _c30 cm. |
||
| 502 | _aThesis (Ph. D.) -- Department of Zoology, R. U. , 2017 | ||
| 504 | _aReferences: Leaves [162]-192 | ||
| 650 |
_aRed Flour Beetles _xControl _9231076 |
||
| 650 |
_aInsecticidal Plants _9112971 |
||
| 700 |
_aRahman, A. S. M. Shafiqur, Supervisor _9231077 |
||
| 942 |
_2ddc _cTHE |
||
| 999 |
_c75545 _d75545 |
||